00301 a2200121 4500001000700000020000600007040001100013100002300024240006000047245005500107300000800162362000900170182874 a  cMagnum aInstituto Camões10aCamões: revista de letras e culturas lusofónaslpor10aCamões: revista de letras e culturas lusofónas a2300 a1998